000
00275nam a22001097a 4500
008
230620b xxu||||| |||| 00| 0 eng d
082
_a
324.9
_b
COG
100
_c
COMMON WEALTH SECRETARIAT
245
_a
THE LESOTHO NATIONAL ASSEMBLY ELECTIONS
300
_a
38p
942
_2
ddc
_c
BK
999
_c
1790
_d
1790